00828nam a2200241Ia 4500001000600000003000900006008004100015040001300056040001300069041001300082100002800095100002900123245004600152245005600198250001100254260001100265260001100276260004900287300005700336500013000393650003200523650003100555H5692IT-RoPAU130308s9999 xx 000 0 und d aIT-RoPAU cIT-RoPAU aITALIANO aRodriguez Marchante Oti gCodice Aut. SPICS: 58197 aNuovi attori e i modelli tradizionali (I) bCinema in Spagna Oggi. Nuovi Autori. nuove Tendenze a1a ed. aTORINO bLindau c2002 [1° Ed.:2002 - Ed.Ling.Originale:2002] a"6 p. (prefazione: no ; testo: 6 [pagine: 113-118])" aLe Due Rivelazioni. Il boom Televisivo. Alcuni Casi Particolari. venuti Dalontano. Conclusione o Sensazione. Attori. Attrici. aSTORIA NAZIONALE DEL CINEMA eCodice materia Spics: 6809